The sword and the stylus : (Record no. 10533)

MARC details
000 -LEADER
fixed length control field 01419cam a2200229 i 4500
001 - CONTROL NUMBER
control field 191865355
003 - CONTROL NUMBER IDENTIFIER
control field OCoLC
005 - DATE AND TIME OF LATEST TRANSACTION
control field 20241204111022.0
008 - FIXED-LENGTH DATA ELEMENTS--GENERAL INFORMATION
fixed length control field 080125s2008 miu b 001 0 eng
020 ## - INTERNATIONAL STANDARD BOOK NUMBER
International Standard Book Number 9780802862457
Qualifying information (pbk. ;
-- alk. paper)
020 ## - INTERNATIONAL STANDARD BOOK NUMBER
International Standard Book Number 0802862454
Qualifying information (pbk. ;
-- alk. paper)
040 ## - CATALOGING SOURCE
Transcribing agency DLC
082 00 - DEWEY DECIMAL CLASSIFICATION NUMBER
Classification number 223.06
Edition information 22
Item number PER
100 1# - MAIN ENTRY--PERSONAL NAME
Personal name Perdue, Leo G.
245 14 - TITLE STATEMENT
Title The sword and the stylus :
Remainder of title an introduction to wisdom in the age of empires /
Statement of responsibility, etc. Leo G. Perdue.
264 #1 - PRODUCTION, PUBLICATION, DISTRIBUTION, MANUFACTURE, AND COPYRIGHT NOTICE
Place of production, publication, distribution, manufacture Grand Rapids, Mich. :
Name of producer, publisher, distributor, manufacturer W.B. Eerdmans Pub. Co.,
Date of production, publication, distribution, manufacture, or copyright notice 2008.
300 ## - PHYSICAL DESCRIPTION
Extent x, 502 pages ;
Dimensions 24 cm
504 ## - BIBLIOGRAPHY, ETC. NOTE
Bibliography, etc. note Includes bibliographical references (pages 422-467) and indexes.
505 0# - FORMATTED CONTENTS NOTE
Formatted contents note A prolegomenon to wisdom in the empires -- Wisdom during the Kingdoms of Israel and Judah : the Book of Proverbs -- Wisdom during the Neo-Babylonian Empire : the Book of Job -- Wisdom during the Persian Empire : the wisdom Psalms -- Wisdom during the Ptolemaic Empire : the Book of Qoheleth -- Apocryphal wisdom literature in the Seleucid Empire : the Book of Ben Sira -- Wisdom during the Roman Empire : the Wisdom of Solomon -- Continuing streams : apocalyptism and wisdom -- Continuing streams : apocalyptic wisdom in Qumran -- Continuing streams : rabbinic wisdom -- Summary and observations.
650 #0 - SUBJECT ADDED ENTRY--TOPICAL TERM
Topical term or geographic name entry element Wisdom literature
General subdivision Criticism, interpretation, etc.
Authority record control number or standard number https://id.loc.gov/authorities/subjects/sh90002847
942 ## - ADDED ENTRY ELEMENTS (KOHA)
Source of classification or shelving scheme Dewey Decimal Classification
Koha item type Books
Suppress in OPAC No
Holdings
Withdrawn status Lost status Source of classification or shelving scheme Damaged status Not for loan Home library Current Library Shelving location Date acquired Total checkouts Full call number Barcode Date last seen Date last checked out Copy number Price effective from Koha item type
    Dewey Decimal Classification     GRACE BIBLE COLLEGE GRACE BIBLE COLLEGE Biblical Studies 2024-12-04 1 223.06 PER 020871 2025-05-01 2025-02-04 c.1 2024-12-04 Books
© Grace Bible College Library 2025